Ein Denkmal für den Generaldirektor Guido Graf von Usedom
| Titel: | Ein Denkmal für den Generaldirektor Guido Graf von Usedom |
|---|---|
| Verfasser: | |
| In: |
Stiftung Preußischer Kulturbesitz: Jahrbuch Preußischer Kulturbesitz ..., Band 36 (1999), Seite 157-172, Abb. alle Artikel anzeigen |
| Veröffentlicht: | 1999 [2000] |
| Format: | Aufsatz |
| Sprache: | Deutsch |
X
alg: 39148899 001A $01999:11-11-16 001B $01999:15-05-21 $t20:54:44.000 001C $06050:19-11-16 $t08:33:05.000 001D $01999:11-11-16 001U $0utf8 001X $00 002@ $0Aox 003@ $0391488996 007A $0391488996 $aHEB 007T $0Herd39503 010@ $ager 011@ $a1999 $n1999 [2000] 021A $aEin @Denkmal für den Generaldirektor Guido Graf von Usedom 028A $aNützmann $dHannelore 031A $d36 $h157-172, Abb. $j1999 039B $aIn $8--Abvc--Stiftung Preußischer Kulturbesitz [Tb1]. Jahrbuch Preußischer Kulturbesitz .... - Berlin : Mann, 1963-[2016]. - ISSN 0342-0124 $x199900000360000843 $9046848940 045F $a929.0943816 $eDDC23BSB 045F/01 $a929 045F/03 $g43816 045T $a24 lok: 39148899 78 exp: 39148899 78 1 #EPN 201B/01 $003-04-17 $t17:54:37.000 201U/01 $0utf8 203@/01 $0787583111 208@/01 $a11-11-16 $be 209A/01 $a/ $f000 $x00 220C/01 $aTitelaufnehmer: ks 244Z/01 $2Trx $#Pomeranija $#Pommern $#Pomoransko $#Pomořansko $#Hinterpommern;Vorpommern;Mittelpommern $#Pomorze Środkowe;Pomorze Przednie $#Pomořansko;Západní Pomořany; Pomořany $8--Trx--Pomorze Zachodnie $x01 $9391303775 244Z/01 $aGeschichte 1805-1884 $x02 244Z/01 $2Trx $8--Trx--Usedom, Karl Georg Ludwig Guido von$Z1805-1884 $x03 $9391099795 244Z/01 $2Trx $#diplomaadid $#diplomatai $#diplomats $#diplomaták $#dyplomaci $#diplomati $#diplomaté $8--Trx--Diplomaten $x04 $9391380419 244Z/01 $2Trx $#muuseumid $#muziejai $#Museums $#múzeumok $#muzea $#múzeá $#muzea $8--Trx--Museen $x05 $9391364944 244Z/01 $2Trx $8--Trx--Zeitschriftenaufsatz $x06 $9391384341 245Z/01 $a12.03 $x01 247C/01 $82080>Marburg/Lahn, Herder-Institut, Forschungsbibliothek, Bibliographieportal $9336309341
| LEADER | 00000caa a22000002c 4500 | ||
|---|---|---|---|
| 001 | 391488996 | ||
| 003 | DE-603 | ||
| 005 | 20210515205444.0 | ||
| 007 | tu | ||
| 008 | 161111s1999 xx |||| | u00||u|ger c | ||
| 035 | |a (DE-599)HEB391488996 | ||
| 040 | |a DE-603 |b ger |c DE-603 |d DE-603 | ||
| 041 | |a ger | ||
| 082 | 0 | 4 | |8 1\u |a 929.0943816 |q DE-101 |2 23/BSB |
| 084 | |a 24 |2 ssgn | ||
| 085 | |8 1\u |b 929 | ||
| 085 | |8 1\u |z 2 |s 43816 | ||
| 100 | 1 | |a Nützmann, Hannelore | |
| 245 | 0 | 0 | |a Ein Denkmal für den Generaldirektor Guido Graf von Usedom |
| 264 | 0 | |c 1999 [2000] | |
| 773 | 0 | 8 | |i In |a Stiftung Preußischer Kulturbesitz |t Jahrbuch Preußischer Kulturbesitz ... |d Berlin : Mann, 1963-[2016] |h 24 cm |x 0342-0124 |g Band 36 (1999), Seite 157-172, Abb. |w (DE-603)046848940 |w (DE-600)3758-8 |
| 924 | 0 | |9 2080 |a (DE-603)787583111 |b DE-2080 |c HES |d d |g / | |


